00733cam a22002291 4500001001300000003000400013005001700017008004100034010001700075035002000092040004200112042001200154050002500166110004700191245002400238260004900262300002800311490002700339650005600366830006400422999001700486l 53000148 DLC20260227111543.0921102s1953 dcua f000 0 eng c al 53000148  a(OCoLC)26898820 aU.S. Dept. of Labor LibrarycCLUdDLC apremarc00aHD8051b.A62 no. 1661 aUnited States.bBureau of Labor Standards.10aButch blows a fuse. a[Washington,bU.S. Govt. Print. Off.,c1953] a[15] p.billus.c14 cm.1 aIts Bulletin,vno. 166 0aElectric apparatus and appliancesxSafety measures. 0aBulletin (United States. Bureau of Labor Standards) ;v166. c36812d36812